| 000 | 00530nam a2200205 a 4500 | ||
|---|---|---|---|
| 001 | 24031 | ||
| 003 | CO-ViMGA | ||
| 008 | 141112s2004 ck r 000 u spa d | ||
| 020 | _a9788432228216 | ||
| 040 |
_aCO-ViMGA _bspa _cCO-ViMGA |
||
| 082 | 0 | 4 | _a892 B171i |
| 100 | 1 |
_aBarberyu, Muriel _934948 |
|
| 245 | 1 | 0 |
_aLa elegancia del erizo / _cMuriel Barberyu |
| 250 | _a5 ed. | ||
| 260 | _aColombia. Seix Barral | ||
| 300 | _a367p. | ||
| 650 | 1 | 4 |
_aNOVELA MARROQUIN _934949 |
| 650 | 1 | 4 |
_aSECRETOS - NOVELA _934950 |
| 942 |
_2ddc _cBK |
||
| 999 |
_c32090 _d32090 |
||